000 00473nam a2200157Ia 4500
003 IN-BaIIA
008 211028s9999 xx 000 0 eng d
040 _cIIA Library
080 _a521.1
_bPOI-I
100 _aPoincare, H.
245 0 _aLes methodes novelles de la mecanique celeste
_bvol. I
_cH. Poincare
260 _aNew York
_bDover Publications
_c1957
300 _a382p.
650 _aCelestial mechanics
942 _cBK
999 _c1938
_d1938